|
|
|
|
| LEADER |
00000nam a2200000 a 4500 |
| 001 |
vtls009455776 |
| 003 |
SK-MaSNL |
| 005 |
20260301171113.0 |
| 008 |
240313s2008 xo al d p 000 0 slo |
| 015 |
|
|
|a SNBA2009/03-01457
|
| 020 |
|
|
|a 9788055201276
|q (brož.)
|
| 035 |
|
|
|a 39EDB847-4BB3-41D6-90C3-3535E212B376
|
| 035 |
|
|
|a urn:nbn:sk:snk-amjvss
|
| 035 |
|
|
|a urn:nbn:sk:snk-am0084eu
|
| 040 |
|
|
|a SNK
|b slo
|c SNK
|e AACR2
|
| 041 |
0 |
|
|a slo
|
| 044 |
|
|
|a xo
|c SK
|
| 072 |
|
7 |
|a 633
|x Rastlinná výroba
|2 konspekt
|
| 072 |
|
7 |
|a 37.016
|x Učebné osnovy. Vyučovacie predmety. Učebnice
|2 konspekt
|
| 080 |
|
|
|a 631.57+637
|2 2001
|
| 080 |
|
|
|a 631.57+637]-021.465
|2 2001
|
| 080 |
|
|
|a 633/635
|2 2001
|
| 080 |
|
|
|a 613.26
|2 2001
|
| 080 |
|
|
|a (075.8)
|2 2001
|
| 080 |
|
|
|a 633:631.57
|2 2001
|
| 100 |
1 |
|
|a Muchová, Zdenka,
|d 1944-
|4 aut
|9 210852
|
| 245 |
1 |
0 |
|a Hodnotenie surovín a potravín rastlinného pôvodu
|c Z. Muchová a kolektív
|
| 250 |
|
|
|a 5. upr. vyd.
|
| 260 |
|
|
|a Nitra
|b Slovenská poľnohospodárska univerzita
|c 2008
|
| 300 |
|
|
|a 215 s.
|b ilustr., tab.
|c 30 cm
|
| 366 |
|
|
|e 200 výt.
|
| 504 |
|
|
|a Bibliogr. odkazy
|
| 521 |
|
|
|a Pre študentov SPU
|
| 650 |
0 |
7 |
|a poľnohospodárske produkty
|2 SNKPH
|9 66611
|
| 650 |
0 |
7 |
|a kvalita poľnohospodárskych produktov
|2 SNKPH
|9 68979
|
| 650 |
0 |
7 |
|a poľnohospodárske plodiny
|2 SNKPH
|9 28804
|
| 650 |
0 |
7 |
|a potraviny rastlinného pôvodu
|2 SNKPH
|9 18764
|
| 650 |
0 |
7 |
|a rastlinné produkty
|2 SNKPH
|9 31813
|
| 655 |
|
7 |
|a učebnice vysokých škôl
|2 SNKPH
|9 70191
|
| 700 |
1 |
|
|a Frančáková, Helena,
|d 1950-
|4 aut
|9 212376
|
| 700 |
1 |
|
|a Bojňanská, Tatiana,
|d 1962-
|4 aut
|9 189661
|
| 700 |
1 |
|
|a Bajči, Pavol,
|d 1927-2021
|4 aut
|9 120226
|
| 919 |
|
|
|a 978-80-552-0127-6
|
| 958 |
|
|
|a OND
|
| 958 |
|
|
|a NB
|
| 968 |
|
|
|d 61
|
| 999 |
|
|
|c 829751
|d 831681
|
| 952 |
|
|
|a SNK
|b SNK
|y PREZ
|7 0
|p 17A0607403
|o snkSB 77061
|i snk2008/23499
|8 0
|0 0
|1 0
|4 0
|d 2008-12-16
|f 1
|l 0
|r 2025-04-28 00:00:00
|w 2026-02-24
|
| 952 |
|
|
|a SNK
|b SNK
|y VYP
|7 0
|p 17A0607404
|o snkSB 77061 D1
|i snk2008/23500
|8 0
|0 0
|1 0
|4 0
|d 2008-12-16
|l 0
|r 2016-06-30 00:00:00
|w 2026-02-24
|